000 00984nam a2200265Ia 4500
003 OSt
005 20220927110859.0
006 a|||||r|||| 00| 0
007 ta
008 220926b |||||||| |||| 00| 0 eng d
024 _a107481
037 _cReports
040 _aRTL
_cRTL
_beng
041 _2eng
_aeng
082 _a"X9(M13):77p6,N65, K6.1/UN"
110 _a"UN, FAO Conference On Pulp And Paper Development In AFrica And The Near East. 1965 (Cairo)"
_9380865
245 0 _aProceedings
260 _aRome
_bUnited nations USA
_c1966
300 _a"iii, 454p."
_ccm.
500 _a"United nations, economic commission for africa and the near east and food and agricultural organisation, publication."
650 _aAnimal Husbandry
700 _a"UN, FAO Conference On Pulp And Paper Development In AFrica And The Near East. 1965 (Cairo)"
_9380866
942 _h"X9(M13):77p6,N65, K6.1/UN"
_cCC
999 _c698313
_d698313